Da Vinci and his super brain / (Record no. 5637)

MARC details
000 -LEADER
fixed length control field 00937nam a22002417a 4500
001 - CONTROL NUMBER
control field 5637
003 - CONTROL NUMBER IDENTIFIER
control field FISKH
005 - DATE AND TIME OF LATEST TRANSACTION
control field 20250108112343.0
008 - FIXED-LENGTH DATA ELEMENTS--GENERAL INFORMATION
fixed length control field 250108b cb ||||| |||| 00| 0 eng d
020 ## - INTERNATIONAL STANDARD BOOK NUMBER
International Standard Book Number 9781407111742
040 ## - CATALOGING SOURCE
Original cataloging agency FISKH
Language of cataloging eng
Transcribing agency FISKH
Modifying agency FISKH
082 ## - DEWEY DECIMAL CLASSIFICATION NUMBER
Classification number 759.5
100 ## - MAIN ENTRY--PERSONAL NAME
Personal name Cox, Michael
245 ## - TITLE STATEMENT
Title Da Vinci and his super brain /
Statement of responsibility, etc. by Michael Cox
260 ## - PUBLICATION, DISTRIBUTION, ETC.
Place of publication, distribution, etc. New York :
Name of publisher, distributor, etc. Scholastic ;
Date of publication, distribution, etc. 2003.
300 ## - PHYSICAL DESCRIPTION
Extent 176 pages :
Other physical details illustrations ;
Dimensions 21 cm .
490 ## - SERIES STATEMENT
Series statement Horribly Famous
520 ## - SUMMARY, ETC.
Summary, etc. You've probably heard of Leonardo da Vinci. He is dead famous for painting the Mona Lisa and designing the first-ever flying machine. But have heard that Leonardo spent ten years making a seven-metre tall horse, thought pink was the coolest colour for clothes and loved to play practical jokes?
650 ## - SUBJECT ADDED ENTRY--TOPICAL TERM
Topical term or geographic name entry element humor
Form subdivision non-fiction
700 ## - ADDED ENTRY--PERSONAL NAME
Personal name Goddard, Clive
Relator term illustrator
942 ## - ADDED ENTRY ELEMENTS (KOHA)
Source of classification or shelving scheme Dewey Decimal Classification
Koha item type Books
Suppress in OPAC No
Holdings
Withdrawn status Lost status Source of classification or shelving scheme Damaged status Not for loan Collection Home library Current library Shelving location Date acquired Total Checkouts Full call number Barcode Date last seen Price effective from Koha item type
    Dewey Decimal Classification     Non-Fiction Footprints International School Library Network Toul Kork Campus Footprints International School Library Network Toul Kork Campus TTP Secondary Non-Fiction Bookshelves 01/08/2025   COX 759.5 FISSE00016 01/08/2025 01/08/2025 Books